Občanská nauka pro 6. ročník ZDŠ prozatímní pomocný učební text

Bibliographic Details
Main Author: Slouka, Tomáš, 1913- (Author)
Format: Book
Language:Czech
PhysicalDescription:80 s.
Published: Praha Státní pedagogické nakladatelství 1977
Edition:4. čes. vyd.

MARC

LEADER 00000nam a2200000 a 4500
001 vtls001477030
003 SK-MaSNL
005 20260416165621.0
008 240318s1977 xo 0 cze
035 |a SNK000432330 
040 |a SNK  |b slo  |c SNK  |e AACR2 
041 1 |a cze 
044 1 |a xo  |c SK 
100 1 |a Slouka, Tomáš,  |d 1913-  |4 aut  |9 321640 
245 1 0 |a Občanská nauka pro 6. ročník ZDŠ  |b prozatímní pomocný učební text  |c Tomáš Slouka a kol. 
250 |a 4. čes. vyd. 
260 |a Praha  |b Státní pedagogické nakladatelství  |c 1977  |e Nitra  |f Nitrinske tlačiarne 
300 |a 80 s. 
958 |a OND 
999 |c 1161405  |d 1163335 
952 |a SNK  |b SNK  |y VYP  |7 0  |p 17A1076716  |o snkSC 40985 D3  |i snkKIP 5373/77  |0 0  |1 0  |4 0  |d 2014-09-23  |l 0  |r 2026-02-24 20:33:37  |w 2026-02-24 
952 |a SNK  |b SNK  |y VYP  |7 0  |p 17A1076773  |o snkSC 40985 D1  |i snkKIP 4918/77  |3 rekatalogizácia  |0 0  |1 0  |4 0  |d 2014-09-17  |l 0  |r 2026-02-24 20:33:37  |w 2026-02-24 
952 |a SNK  |b SNK  |y VYP  |7 0  |p 17A1076785  |o snkSC 40985 D2  |i snkKIP 5372/77  |0 0  |1 0  |4 0  |d 2014-09-17  |l 0  |r 2026-02-24 20:33:37  |w 2026-02-24